000 01271nam a2200337 a 4500
001 vtls001359735
003 NLI
005 20210627081532.0
008 120625s1972 dcu f000 0 eng
039 9 _a201702081315
_bsubratam
_y201206251829
_zVLOAD
040 _aNLI
_beng
_cDatasoft_FOD_6
_eAACR2
041 0 _aeng
044 _adcu
082 0 4 _a371.0102573
100 1 _aWilliams, Jeffrey W.
_9835272
245 1 0 _aEducation directory 1971-72, public school systems /
_cby Jeffrey W. Williams and Judy Carpenter
260 _aWashington, D. C. :
_bUnited States Government Printing Office,
_c1972
300 _axii, 271 p. ;
_c22 cm.
440 0 _aDrew pub. no;
_vOE 72-107
_9836128
650 0 _aPublic schools
_zUnited States
_vDirectory
_9727981
650 0 _aEducation
_zUnited States
_vDirectory
_9727982
700 1 _aCarpenter, Judy,
_4jt. aut
_9836129
710 1 _aUnited States.
_bDepartment of Health, Education, and Welfare
_9703319
887 _a
901 _aAD 48340
_b25.07.1973
902 _aU.S 371.0102573 W 673
904 _l4651
949 _AVIRTUAITEM
_D10002
_X100
_6FOD000048340ENG
942 _2ddc
_cBKS
999 _aVIRTUA40
_c720418
_d720418
999 _aVTLSSORT0080*0400*0410*0440*0820*1000*2450*2600*3000*4400*6500*6501*7000*7100*9010*9020*9040*9490*9992